000 00488nam a2200181Ia 4500
005 20250508150852.0
008 008 250505s9999 xx 000 0 hin d
037 _aTextual
040 _aFEDL
_beng
_cFEDL
041 _ahin
_2eng
084 _a891.43, TAG
_qFEDL
100 _aJain Dhanya Kumar
245 0 _aDus kahaniya aur do nibandh
260 _aCulcatta, India
_bHindi Granthgar
300 _a120p.
942 _cTEXL
_h891.43, TAG
999 _c1326208
_d1326208